Years of American Events - Statistics

General Stats
  • This quiz has been taken 22 times
  • The average score is 27 of 32
Answer Stats
Event Year % Correct
War of 1812 start 1812
95%
Battle of Gettysburg 1863
95%
Lincoln Assassinated 1865
95%
Osama Bin Laden killed 2011
95%
Withdraw from Afghanistan 2021
95%
Declaration of Independence 1776
89%
US Constitution ratified 1788
89%
Louisiana Purchase 1803
89%
Black Friday 1929
89%
Start of Dust Bowl 1934
89%
Bombing of Pearl Harbor 1941
89%
D-Day Invasion 1944
89%
Bombing of Hiroshima and Nagasaki 1945
89%
"I have a dream" speech 1963
89%
JFK Assassinated 1963
89%
9/11 2001
89%
Start of French and Indian War 1754
84%
Whiskey Rebellion 1794
84%
Monroe Doctrine adopted 1823
84%
Zimmermann Note 1917
84%
Monica Lewinsky Scandal 1998
84%
Articles of Confederation adopted 1777
79%
Dred Scott Decision 1857
79%
John Brown raids Harpers Ferry 1859
79%
Battle of Little Bighorn 1876
79%
Sinking of Luisitania 1915
79%
Watergate Scandal 1972
79%
Battle of Lexington and Concord 1775
74%
Treaty of Guadalupe Hidalgo 1848
74%
Transcontinental Railroad completed 1869
74%
Plessy v Ferguson case 1896
68%
Jamestown settled 1607
63%
No matching quizzes found
Score Distribution
Percent of People with Each Score
Percentile by Number Answered
Your Score History
You have not taken this quiz